[Event "Hamilton Summer op"]
[Site "Hamilton CAN"]
[Date "2010.08.21"]
[Round "3"]
[White "Drkulec, Vladimir"]
[Black "Brizkot, Robert"]
[Result "1-0"]
[WhiteElo "2134"]
[BlackElo "1965"]
[PlyCount "69"]
[EventDate "2010.08.21"]
[EventType "swiss"]
[EventRounds "5"]
[EventCountry "CAN"]

1. d4 f5 2. g3 Nf6 3. c4 g6 4. Bg2 Bg7 5. Nc3 d6 6. Nf3 O-O 7. O-O c6 8. b3 Na6
9. Bb2 Bd7 10. a3 Nc7 11. b4 Qe8 12. c5 Ncd5 13. Qb3 Kh8 14. Rfe1 Nxc3 15. Bxc3
Nd5 16. Bb2 f4 17. e4 fxe3 18. fxe3 Qc8 19. e4 Nf6 20. cxd6 exd6 21. Ng5 d5 22.
e5 Ng8 23. e6 Be8 24. e7 Rf6 25. Bh3 Qb8 26. Ne6 Bh6 27. g4 Bf4 28. Nxf4 Qxf4
29. Re2 Bd7 30. Rf1 Qd6 31. Rxf6 Nxf6 32. g5 Ne4 33. Bxd7 Qxd7 34. Rxe4 dxe4
35. d5+ 1-0

[Event "Hamilton Summer op"]
[Site "Hamilton CAN"]
[Date "2010.08.21"]
[Round "3"]
[White "Friedman, Alexander"]
[Black "Brammall, Stuart"]
[Result "1/2-1/2"]
[WhiteElo "2065"]
[BlackElo "1869"]
[PlyCount "68"]
[EventDate "2010.08.21"]
[EventType "swiss"]
[EventRounds "5"]
[EventCountry "CAN"]

1. e4 e5 2. Nf3 Nc6 3. Nc3 Nf6 4. Bb5 Nd4 5. Ba4 Bc5 6. O-O Qe7 7. d3 O-O 8.
Bg5 c6 9. Nxd4 Bxd4 10. Qf3 Bxc3 11. bxc3 d6 12. Bb3 h6 13. Bxf6 Qxf6 14. Qxf6
gxf6 15. f4 Be6 16. Rf3 Kh7 17. d4 Rae8 18. Re1 Re7 19. f5 Bxb3 20. cxb3 exd4
21. cxd4 Rfe8 22. Rfe3 h5 23. Kf2 Kh6 24. h3 Kg5 25. Kf3 d5 26. h4+ Kxh4 27.
exd5 Rxe3+ 28. Rxe3 Rxe3+ 29. Kxe3 cxd5 30. Kf4 b6 31. g3+ Kh3 32. Kf3 Kh2 33.
Kf2 Kh1 34. Kf1 Kh2 1/2-1/2

[Event "Hamilton Summer op"]
[Site "Hamilton CAN"]
[Date "2010.08.21"]
[Round "3"]
[White "Humphreys, Michael"]
[Black "Cormier, Adam"]
[Result "1-0"]
[WhiteElo "2214"]
[BlackElo "1959"]
[PlyCount "107"]
[EventDate "2010.08.21"]
[EventType "swiss"]
[EventRounds "5"]
[EventCountry "CAN"]

1. Nf3 c5 2. c4 Nf6 3. g3 d5 4. cxd5 Nxd5 5. Nc3 Nc6 6. Bg2 Nc7 7. a3 e5 8. b4
cxb4 9. axb4 Bxb4 10. Nxe5 Bd7 11. Bxc6 bxc6 12. Nxf7 Kxf7 13. Qb3+ Be6 14.
Qxb4 Nd5 15. Qb7+ Qc7 16. Qxc7+ Nxc7 17. O-O Nb5 18. Ra6 Nxc3 19. dxc3 Rhc8 20.
Rd1 Rc7 21. Bf4 Rd7 22. Rxd7+ Bxd7 23. Be3 Ke6 24. Bd4 g6 25. e4 Kd6 26. Rxa7
Rxa7 27. Bxa7 Ke5 28. f3 h5 29. Bb8+ Kf6 30. Kf2 Bh3 31. Bc7 Ke6 32. g4 hxg4
33. Kg3 Bf1 34. fxg4 Be2 35. Kf4 c5 36. Kg5 Kf7 37. h4 Bd3 38. e5 c4 39. h5
gxh5 40. Kxh5 Kg7 41. Kg5 Be4 42. e6 Bc6 43. Be5+ Kf8 44. Kf6 Be4 45. Bd6+ Ke8
46. g5 Bh7 47. Kg7 Bf5 48. g6 Bxe6 49. Kh8 Kd7 50. Bb4 Bd5 51. g7 Bf7 52. g8=Q
Bxg8 53. Kxg8 Ke6 54. Kg7 1-0

[Event "Hamilton Summer op"]
[Site "Hamilton CAN"]
[Date "2010.08.21"]
[Round "3"]
[White "Kho, Jingle"]
[Black "Ye, Stephen"]
[Result "1-0"]
[WhiteElo "2098"]
[BlackElo "1560"]
[PlyCount "78"]
[EventDate "2010.08.21"]
[EventType "swiss"]
[EventRounds "5"]
[EventCountry "CAN"]

1. Nf3 Nf6 2. b3 g6 3. Bb2 Bg7 4. d4 O-O 5. Nbd2 d6 6. c4 Nc6 7. g3 Re8 8. Bg2
e5 9. O-O Rb8 10. Rc1 Bf5 11. d5 Ne7 12. h3 Qc8 13. Kh2 h5 14. Qe1 b6 15. e4
Bd7 16. Ng5 Nh7 17. f4 Nxg5 18. fxg5 Rf8 19. Qe3 Kh7 20. Rf2 Ng8 21. Rcf1 f6
22. Nf3 f5 23. Nh4 Ne7 24. Qd3 a5 25. a4 Rf7 26. Bc1 Qf8 27. Nxg6 Kxg6 28.
exf5+ Bxf5 29. Be4 Bxe4 30. Qxe4+ Nf5 31. g4 hxg4 32. hxg4 Kh7 33. gxf5 Kg8 34.
Kg3 Rd8 35. Be3 Rdd7 36. f6 Bh8 37. Qg6+ Bg7 38. Rh1 Qe8 39. Qh7+ Kf8 1-0

[Event "Hamilton Summer op"]
[Site "Hamilton CAN"]
[Date "2010.08.21"]
[Round "3"]
[White "McGlynn, Danny"]
[Black "Finlay, Ian"]
[Result "1-0"]
[WhiteElo "1896"]
[BlackElo "1919"]
[PlyCount "121"]
[EventDate "2010.08.21"]
[EventType "swiss"]
[EventRounds "5"]
[EventCountry "CAN"]

1. e4 e5 2. f4 Bc5 3. Nf3 d6 4. Bc4 Nf6 5. Nc3 Nc6 6. d3 Bg4 7. Na4 Nd7 8. Nxc5
Nxc5 9. O-O O-O 10. a3 Nd4 11. f5 b5 12. Ba2 a5 13. c3 Nxf3+ 14. gxf3 Bh3 15.
Rf2 Qh4 16. Bd5 Ra6 17. d4 c6 18. dxc5 cxd5 19. Qxd5 dxc5 20. Qxe5 Rd8 21. Be3
Rad6 22. Rd2 Rxd2 23. Bxd2 Bg2 24. Be1 Qh3 25. Rd1 Rf8 26. Qg3 Qxg3 27. Bxg3
Bxf3 28. Rd5 Bxe4 29. Rxc5 Bd3 30. a4 bxa4 31. Rxa5 Bc2 32. c4 Rd8 33. Bd6 Be4
34. Re5 Bxf5 35. Bc7 Rd1+ 36. Kf2 Be6 37. Rb5 h6 38. c5 Rb1 39. Bd6 a3 40. Rb8+
Kh7 41. bxa3 Rxb8 42. Bxb8 Bd7 43. Ke3 Kg6 44. Kd4 Kf6 45. Kd5 Ke7 46. Bd6+ Kd8
47. c6 Bh3 48. a4 g5 49. a5 Bf1 50. Kc5 f5 51. Kb6 Kc8 52. Bf8 h5 53. Bh6 f4
54. Bxg5 Kb8 55. Bxf4+ Ka8 56. Bc7 Bg2 57. Kc5 h4 58. Kd6 h3 59. Kd7 Bxc6+ 60.
Kxc6 Ka7 61. Kd5 1-0

[Event "Hamilton Summer op"]
[Site "Hamilton CAN"]
[Date "2010.08.21"]
[Round "3"]
[White "Sapozhnikov, Roman"]
[Black "Nicholson, Matthew"]
[Result "1-0"]
[WhiteElo "2386"]
[BlackElo "2052"]
[PlyCount "127"]
[EventDate "2010.08.21"]
[EventType "swiss"]
[EventRounds "5"]
[EventCountry "CAN"]

1. e4 e5 2. Nf3 Nc6 3. Bb5 Nf6 4. O-O Nxe4 5. d4 Nd6 6. Bxc6 dxc6 7. dxe5 Nf5
8. Qxd8+ Kxd8 9. Nc3 Ke8 10. h3 b6 11. b3 Ba6 12. Re1 Bb4 13. Bb2 Rd8 14. Red1
Bxc3 15. Rxd8+ Kxd8 16. Bxc3 Be2 17. Ng5 Ke7 18. Re1 Ba6 19. Re4 Bc8 20. Nf3 c5
21. Rf4 h5 22. g4 hxg4 23. hxg4 Nh4 24. Ng5 Be6 25. Ra4 a5 26. Nxe6 fxe6 27. f4
Rf8 28. Kf2 Ng6 29. Kg3 Kd7 30. Re4 Ne7 31. Bd2 g6 32. Re2 Rh8 33. Rh2 Rxh2 34.
Kxh2 Ke8 35. Kg3 Kf7 36. a4 Nc6 37. Bc3 Ne7 38. Kh4 Kg7 39. Kg5 Nd5 40. Bd2 Ne7
41. Be1 Nc6 42. Bc3 Ne7 43. Bb2 Kf7 44. c3 Kg7 45. Bc1 Nd5 46. Bd2 Ne7 47. Kh4
Kf7 48. Kg3 Ke8 49. Kf3 Kf7 50. Ke4 Ke8 51. Be1 Kf7 52. Bh4 Nc6 53. f5 gxf5+
54. gxf5 exf5+ 55. Kxf5 Ke8 56. e6 Na7 57. Bg3 Kd8 58. Kf6 b5 59. Bxc7+ Ke8 60.
axb5 c4 61. bxc4 Nc8 62. b6 Nxb6 63. Bxb6 a4 64. Bc5 1-0

[Event "Hamilton Summer op"]
[Site "Hamilton CAN"]
[Date "2010.08.21"]
[Round "3"]
[White "Sellars, Karl"]
[Black "Jung, Hans"]
[Result "1-0"]
[WhiteElo "2208"]
[BlackElo "2266"]
[PlyCount "57"]
[EventDate "2010.08.21"]
[EventType "swiss"]
[EventRounds "5"]
[EventCountry "CAN"]

1. e4 e6 2. d4 d5 3. e5 c5 4. c3 Qb6 5. Nf3 Nc6 6. a3 Nh6 7. b4 cxd4 8. cxd4
Nf5 9. Bb2 Bd7 10. Be2 Rc8 11. O-O Na5 12. Nbd2 Nc4 13. Nxc4 dxc4 14. Rc1 a5
15. Bc3 axb4 16. axb4 Ne7 17. Nd2 Bb5 18. Bf3 Nd5 19. Bxd5 exd5 20. f4 Bxb4 21.
Bxb4 Qxd4+ 22. Kh1 c3 23. Qg4 Kd8 24. Qg5+ f6 25. Qxg7 Qxb4 26. Qxh8+ Kc7 27.
Qxh7+ Kb8 28. Rb1 Qxb1 29. Qxb1 1-0

[Event "Hamilton Summer op"]
[Site "Hamilton CAN"]
[Date "2010.08.21"]
[Round "3"]
[White "Su, Stanley"]
[Black "Wight, Keith"]
[Result "1-0"]
[WhiteElo "1608"]
[BlackElo "2002"]
[PlyCount "101"]
[EventDate "2010.08.21"]
[EventType "swiss"]
[EventRounds "5"]
[EventCountry "CAN"]

1. e4 c5 2. Na3 g6 3. c3 Bg7 4. f4 Nc6 5. Bb5 e6 6. Nf3 Nge7 7. O-O O-O 8. Nc2
d5 9. e5 Qb6 10. Bxc6 bxc6 11. Kh1 a5 12. d4 Ba6 13. Re1 cxd4 14. Ncxd4 c5 15.
Nc2 Rfd8 16. b3 Nf5 17. Ne3 Nxe3 18. Bxe3 Bb7 19. Qe2 d4 20. cxd4 Bxf3 21. Qxf3
cxd4 22. Bf2 Rd5 23. Rad1 Rad8 24. Rd3 f6 25. Bh4 Qb4 26. Re2 Rc8 27. Re1 fxe5
28. fxe5 Rxe5 29. Red1 Rf5 30. Qg4 e5 31. Qe4 Rcf8 32. Kg1 Qd6 33. Bg3 Qf6 34.
h3 Rf1+ 35. Rxf1 Qxf1+ 36. Kh2 Qf5 37. Qd5+ Kh8 38. Rf3 e4 39. Rxf5 gxf5 40.
Bd6 Re8 41. Qf7 Rd8 42. Qxf5 d3 43. Qxe4 d2 44. Qd3 Kg8 45. Qxd2 Be5+ 46. Kg1
Rxd6 47. Qg5+ Bg7 48. Qxa5 Rf6 49. Qd5+ Kh8 50. a4 h6 51. b4 1-0

[Event "Hamilton Summer op"]
[Site "Hamilton CAN"]
[Date "2010.08.21"]
[Round "3"]
[White "Zhou, Kevin"]
[Black "Brajkovic, Nikola"]
[Result "0-1"]
[WhiteElo "1827"]
[BlackElo "2100"]
[PlyCount "78"]
[EventDate "2010.08.21"]
[EventType "swiss"]
[EventRounds "5"]
[EventCountry "CAN"]

1. e4 g6 2. d4 Bg7 3. Nc3 d6 4. f4 Nd7 5. Nf3 c6 6. a4 Qc7 7. Bc4 e6 8. O-O Ne7
9. Bb3 d5 10. exd5 exd5 11. Re1 Nf6 12. Qe2 Bg4 13. Nd1 Ne4 14. c3 Bh6 15. h3
Bxf3 16. Qxf3 O-O 17. Bc2 f5 18. Nf2 Rae8 19. Nd3 Bg7 20. Be3 Nc8 21. Bf2 Ncd6
22. Ne5 Re7 23. Bh4 Ree8 24. Re2 Nf7 25. Nd3 Nd8 26. Bxd8 Qxd8 27. Rae1 Qh4 28.
Ne5 Bh6 29. Nd3 Bg7 30. Ne5 Re7 31. Kh2 Bh6 32. g3 Nxg3 33. Rg2 Ne4 34. Rf1 Kg7
35. Nd3 Nf6 36. Bd1 Re4 37. Qf2 Qxf2 38. Rgxf2 Re7 39. Re2 Re4 0-1

[Event "Hamilton Summer op"]
[Site "Hamilton CAN"]
[Date "2010.08.22"]
[Round "4"]
[White "Egorov, Mikhail"]
[Black "Whissell, Mavros"]
[Result "1/2-1/2"]
[WhiteElo "2213"]
[BlackElo "2143"]
[PlyCount "67"]
[EventDate "2010.08.21"]
[EventType "swiss"]
[EventRounds "5"]
[EventCountry "CAN"]

1. c4 e5 2. Nc3 Nf6 3. g3 d5 4. cxd5 Nxd5 5. Bg2 Nb6 6. Nf3 Nc6 7. O-O Be7 8.
a3 O-O 9. b4 Be6 10. d3 f6 11. Bb2 a6 12. Nd2 Rb8 13. Nb3 f5 14. Rc1 Nd4 15.
Na5 f4 16. Ne4 Nd5 17. Nc4 Bd6 18. Ncxd6 cxd6 19. Nc3 Nxc3 20. Bxc3 Qb6 21.
Bxd4 Qxd4 22. Rc7 Bd5 23. Qa1 Bxg2 24. Qxd4 exd4 25. Kxg2 Rbe8 26. Re1 f3+ 27.
Kf1 fxe2+ 28. Rxe2 Re3 29. Rxe3 dxe3 30. f4 g5 31. Ke2 gxf4 32. gxf4 Rxf4 33.
Kxe3 Rf7 34. Rc8+ 1/2-1/2

[Event "Hamilton Summer op"]
[Site "Hamilton CAN"]
[Date "2010.08.22"]
[Round "4"]
[White "Finlay, Ian"]
[Black "Deline, Ralph"]
[Result "1-0"]
[WhiteElo "1937"]
[BlackElo "1936"]
[PlyCount "90"]
[EventDate "2010.08.21"]
[EventType "swiss"]
[EventRounds "5"]
[EventCountry "CAN"]

1. f4 c5 2. Nf3 g6 3. g3 Bg7 4. Bg2 Nf6 5. O-O O-O 6. d3 Nc6 7. e4 d6 8. c3 Qc7
9. Na3 a6 10. Nc2 Bg4 11. Ne3 e5 12. f5 Rad8 13. h3 Bxf3 14. Bxf3 Ne7 15. fxg6
hxg6 16. Qb3 Qd7 17. Bg4 Nxg4 18. Nxg4 d5 19. Bh6 f6 20. Be3 Qc6 21. Qc2 d4 22.
cxd4 exd4 23. Bh6 Bxh6 24. Nxh6+ Kg7 25. Ng4 Qd6 26. Rf3 f5 27. Nf2 Nc6 28.
exf5 Rxf5 29. Ne4 Qe5 30. Raf1 Rdf8 31. Qg2 Nb4 32. Rxf5 gxf5 33. Nxc5 Qxc5 34.
Qxb7+ Rf7 35. Qf3 Qe5 36. Kh2 Qe3 37. Qh5 Qe6 38. Qg5+ Qg6 39. Qf4 Nc2 40. Rf2
Qc6 41. Qe5+ Kg6 42. g4 Ne3 43. Qxd4 Qc7+ 44. Kh1 Qg3 45. gxf5+ Nxf5 1-0

[Event "Hamilton Summer op"]
[Site "Hamilton CAN"]
[Date "2010.08.22"]
[Round "4"]
[White "Jung, Hans"]
[Black "Singh, Raymond"]
[Result "1-0"]
[WhiteElo "2266"]
[BlackElo "1926"]
[PlyCount "53"]
[EventDate "2010.08.21"]
[EventType "swiss"]
[EventRounds "5"]
[EventCountry "CAN"]

1. e4 e5 2. Nf3 Nc6 3. Bc4 Bc5 4. O-O Nf6 5. d4 Bxd4 6. Nxd4 Nxd4 7. Bg5 b5 8.
f4 d6 9. c3 Nf3+ 10. Rxf3 bxc4 11. fxe5 h6 12. Bh4 g5 13. exf6 gxh4 14. Qa4+
Kf8 15. Qxc4 Be6 16. Qd4 Rg8 17. Nd2 c5 18. Qf2 c4 19. Qxh4 Qb6+ 20. Kh1 Qxb2
21. Qxh6+ Ke8 22. Rb1 Qxa2 23. Rb7 Qa1+ 24. Nf1 Kd8 25. Re7 Qa5 26. Rxe6 fxe6
27. f7 1-0

[Event "Hamilton Summer op"]
[Site "Hamilton CAN"]
[Date "2010.08.22"]
[Round "4"]
[White "Khayutin, Constantine"]
[Black "McGlynn, Danny"]
[Result "1-0"]
[WhiteElo "1949"]
[BlackElo "1896"]
[PlyCount "57"]
[EventDate "2010.08.21"]
[EventType "swiss"]
[EventRounds "5"]
[EventCountry "CAN"]

1. d4 Nf6 2. c4 g6 3. Nc3 Bg7 4. e4 d6 5. Nf3 O-O 6. Be2 e5 7. Be3 Nc6 8. d5
Ne7 9. c5 Ng4 10. cxd6 cxd6 11. Bg5 h6 12. Bd2 f5 13. Nh4 Nf6 14. exf5 gxf5 15.
O-O Kh7 16. Bc4 Nexd5 17. Nxd5 Nxd5 18. Nxf5 Bxf5 19. Bxd5 Qd7 20. Bc3 Rac8 21.
Qb3 Rc7 22. f4 exf4 23. Bxg7 Qxg7 24. Rxf4 Bc2 25. Be4+ Bxe4 26. Rxe4 Rfc8 27.
Rae1 Rc2 28. Qh3 R8c7 29. Qf5+ 1-0

[Event "Hamilton Summer op"]
[Site "Hamilton CAN"]
[Date "2010.08.22"]
[Round "4"]
[White "Kho, Jingle"]
[Black "Demmery, Steve"]
[Result "1-0"]
[WhiteElo "2098"]
[BlackElo "2242"]
[PlyCount "63"]
[EventDate "2010.08.21"]
[EventType "swiss"]
[EventRounds "5"]
[EventCountry "CAN"]

1. Nf3 b5 2. b3 Bb7 3. Bb2 e6 4. a4 b4 5. d4 Nf6 6. Nbd2 d5 7. e3 Bd6 8. c4
bxc3 9. Bxc3 a5 10. Bd3 O-O 11. O-O Nc6 12. Rc1 Ba3 13. Rc2 Bb4 14. Bb5 Bxc3
15. Bxc6 Bxd2 16. Bxb7 Rb8 17. Nxd2 Rxb7 18. Rc5 Qa8 19. Qc2 Rc8 20. Rc1 Nd7
21. Rc3 Qa7 22. f3 c5 23. Nb1 e5 24. Na3 exd4 25. exd4 Rb4 26. Nb5 Qb8 27. Qf5
Nf6 28. Rxc5 Re8 29. Rc8 Qb7 30. R1c7 Rxb5 31. axb5 Qxb5 32. Rxe8+ 1-0

[Event "Hamilton Summer op"]
[Site "Hamilton CAN"]
[Date "2010.08.22"]
[Round "4"]
[White "Liu, Steven"]
[Black "Friedman, Alexander"]
[Result "0-1"]
[WhiteElo "1876"]
[BlackElo "2065"]
[PlyCount "134"]
[EventDate "2010.08.21"]
[EventType "swiss"]
[EventRounds "5"]
[EventCountry "CAN"]

1. Nf3 d5 2. c4 e6 3. e3 Nf6 4. d4 c6 5. Nc3 Nbd7 6. c5 Be7 7. b4 O-O 8. a4 b6
9. Bd2 Qc7 10. a5 bxc5 11. bxc5 e5 12. Qa4 e4 13. Ng1 Rb8 14. a6 Ng4 15. h3 Nh6
16. Na2 f5 17. Be2 Bd8 18. Nb4 Rf6 19. Nc2 Nf8 20. Ba5 Qxa5+ 21. Qxa5 Bxa5+ 22.
Rxa5 Ne6 23. Kd2 f4 24. h4 Rg6 25. Rh2 f3 26. Nxf3 exf3 27. gxf3 Nc7 28. e4 Nf7
29. Kc3 Nd8 30. Nb4 Bd7 31. Nd3 Nf7 32. e5 Nb5+ 33. Rxb5 cxb5 34. Nf4 Rxa6 35.
Nxd5 Kf8 36. Nb4 Rg6 37. f4 a5 38. Nd3 b4+ 39. Kb2 a4 40. Bf3 Bf5 41. Nc1 Nd8
42. d5 Rc8 43. c6 Nxc6 44. dxc6 Rgxc6 45. Bxc6 Rxc6 46. f3 a3+ 47. Kb3 Rxc1 48.
Kxb4 Rc2 49. Rxc2 Bxc2 50. Kxa3 Ke7 51. Kb4 Ke6 52. Kc5 Bd1 53. Kd4 Bxf3 54.
Ke3 Bc6 55. Kd4 Kf5 56. Kc5 Ba4 57. Kd6 Kxf4 58. Ke7 Kxe5 59. Kf7 Kf4 60. h5
Kg5 61. Kxg7 h6 62. Kf7 Bb3+ 63. Ke7 Ba2 64. Kd6 Kxh5 65. Ke5 Kg4 66. Ke4 Kg3
67. Ke3 h5 0-1

[Event "Hamilton Summer op"]
[Site "Hamilton CAN"]
[Date "2010.08.22"]
[Round "4"]
[White "Nicholson, Matthew"]
[Black "Humphreys, Michael"]
[Result "1-0"]
[WhiteElo "2052"]
[BlackElo "2214"]
[PlyCount "52"]
[EventDate "2010.08.21"]
[EventType "swiss"]
[EventRounds "5"]
[EventCountry "CAN"]

1. e4 c5 2. Nf3 g6 3. d4 cxd4 4. Nxd4 Nc6 5. c4 Bg7 6. Be3 Nf6 7. Nc3 O-O 8.
Be2 d6 9. Nc2 Bd7 10. O-O Rc8 11. f4 Na5 12. c5 dxc5 13. e5 Ne8 14. Qe1 Be6 15.
Rd1 Qc7 16. Nb5 Qb6 17. b3 Bf5 18. b4 Bxc2 19. bxa5 Qe6 20. Rc1 Qxa2 21. Qc3
Be4 22. Rf2 Qe6 23. Nxa7 Ra8 24. Qxc5 Qb3 25. Qd4 Qd5 26. Qb4 Qe6 1-0

[Event "Hamilton Summer op"]
[Site "Hamilton CAN"]
[Date "2010.08.22"]
[Round "4"]
[White "Su, Stanley"]
[Black "Drkulec, Vladimir"]
[Result "1-0"]
[WhiteElo "1568"]
[BlackElo "2124"]
[PlyCount "60"]
[EventDate "2010.08.21"]
[EventType "swiss"]
[EventRounds "5"]
[EventCountry "CAN"]

1. e4 e5 2. Nf3 Nc6 3. Nc3 Nf6 4. g3 Bc5 5. Bg2 d6 6. O-O Bg4 7. h3 Be6 8. d3
h6 9. Na4 Bb6 10. Nxb6 axb6 11. a3 Qd7 12. Kh2 g5 13. Ng1 Ng8 14. c3 f6 15. d4
Bf7 16. f3 h5 17. b4 exd4 18. cxd4 Nxb4 19. Bxg5 fxg5 20. axb4 Rxa1 21. Qxa1
Bc4 22. Rc1 Ba6 23. d5 Rh7 24. Bf1 Bxf1 25. Rxf1 Qb5 26. Rc1 Nh6 27. Qa8+ Kd7
28. Qxb7 Ke8 29. Qc8+ Kf7 30. Rxc7+ Kg6 1-0

[Event "Hamilton Summer op"]
[Site "Hamilton CAN"]
[Date "2010.08.22"]
[Round "4"]
[White "Wang, Jesse BJ"]
[Black "Bailey, Doug"]
[Result "0-1"]
[WhiteElo "2105"]
[BlackElo "2342"]
[PlyCount "56"]
[EventDate "2010.08.21"]
[EventType "swiss"]
[EventRounds "5"]
[EventCountry "CAN"]

1. e4 c5 2. Nc3 Nc6 3. f4 g6 4. Nf3 Bg7 5. Bb5 Nd4 6. O-O Nxb5 7. Nxb5 d5 8.
exd5 a6 9. Nc3 Nf6 10. d4 cxd4 11. Qxd4 O-O 12. Ne5 Bf5 13. Qf2 Rc8 14. Be3 Ne4
15. Nxe4 Bxe4 16. Bb6 Qxd5 17. c4 Qe6 18. Rfe1 f5 19. b3 g5 20. Bd4 Rcd8 21.
Bb2 Qh6 22. fxg5 Qxg5 23. Re3 Rf6 24. Nf3 Qh6 25. Nd2 Rxd2 26. Qxd2 Rd6 27. Bc3
Rxd2 28. Bxd2 Bd4 0-1

[Event "Hamilton Summer op"]
[Site "Hamilton CAN"]
[Date "2010.08.22"]
[Round "4"]
[White "Wight, Keith"]
[Black "Brammall, Stuart"]
[Result "1/2-1/2"]
[WhiteElo "2002"]
[BlackElo "1861"]
[PlyCount "140"]
[EventDate "2010.08.21"]
[EventType "swiss"]
[EventRounds "5"]
[EventCountry "CAN"]

1. e4 e5 2. Nf3 Nc6 3. d4 exd4 4. Nxd4 Nf6 5. Nxc6 bxc6 6. e5 Qe7 7. Qe2 Nd5 8.
c4 Ba6 9. b3 g6 10. g3 Bg7 11. Bb2 O-O 12. Bg2 Rae8 13. O-O Bxe5 14. Bxe5 Qxe5
15. Qxe5 Rxe5 16. cxd5 Bxf1 17. Kxf1 cxd5 18. Nc3 c6 19. Rd1 Rb8 20. Na4 Kf8
21. f4 Ree8 22. Nc5 Ke7 23. Kf2 a5 24. Bf3 Kd6 25. Ne4+ Kc7 26. Nc5 Rb4 27. Nd3
Rb5 28. Rd2 Kd6 29. Ne5 Re7 30. Be2 Rb4 31. Nc4+ Kc5 32. Nxa5 Rbe4 33. Nb7+ Kb4
34. Bf3 Re1 35. Rd4+ Kc3 36. Ra4 Rb1 37. g4 Rb2+ 38. Kg3 Re3 39. Ra6 d4 40. Nc5
d3 41. Nxd7 Rxa2 42. Rxa2 d2 43. Ra1 Kb2 44. Kf2 Re7 45. Rd1 Rxd7 46. b4 Kc2
47. Rf1 Rd4 48. Bd1+ Kd3 49. Kg3 Rxb4 50. Rf3+ Kd4 51. Kf2 Rc4 52. f5 c5 53.
Ke2 Ke4 54. fxg6 fxg6 55. Re3+ Kf4 56. Ra3 Rd4 57. h3 h5 58. Rf3+ Kg5 59. gxh5
Kxh5 60. Ke3 Kh6 61. Rf7 Rd8 62. Rc7 Rd6 63. Rxc5 Rd8 64. Ke2 Rd4 65. Rc6 Kg5
66. Bc2 Kh4 67. Rxg6 Kxh3 68. Bd1 Rd8 69. Kf3 Rf8+ 70. Ke3 Rd8 1/2-1/2

[Event "Hamilton Summer op"]
[Site "Hamilton CAN"]
[Date "2010.08.22"]
[Round "4"]
[White "Ye, Stephen"]
[Black "Bizkot, Robert"]
[Result "0-1"]
[WhiteElo "1568"]
[BlackElo "1965"]
[PlyCount "136"]
[EventDate "2010.08.21"]
[EventType "swiss"]
[EventRounds "5"]
[EventCountry "CAN"]

1. e4 d6 2. d4 Nf6 3. Nc3 g6 4. Nf3 Bg7 5. Bc4 O-O 6. O-O Nxe4 7. Bxf7+ Rxf7 8.
Nxe4 Nc6 9. h3 h6 10. Re1 Qf8 11. Nh4 Kh7 12. Be3 e5 13. c3 d5 14. Ng3 e4 15.
Nxg6 Kxg6 16. Qh5+ Kh7 17. Qxd5 Qe7 18. Qxe4+ Qxe4 19. Nxe4 Bf5 20. f3 Ne7 21.
Rad1 Nd5 22. Bf2 Raf8 23. Bg3 Rd8 24. Bh4 Rc8 25. c4 Nb4 26. a3 Nc2 27. Re2
Nxd4 28. Red2 Nc6 29. Ng3 Be6 30. c5 Rf4 31. Re1 Bxh3 32. gxh3 Rxh4 33. Nf5 Rf4
34. Nxg7 Kxg7 35. Rd7+ Rf7 36. Red1 Rcf8 37. f4 Rxd7 38. Rxd7+ Rf7 39. Rxf7+
Kxf7 40. Kf2 Kf6 41. Kg3 Kf5 42. Kh4 Kxf4 43. Kh5 Kg3 44. Kxh6 Kxh3 45. Kg5 Ne5
46. Kf5 Nd3 47. b4 a5 48. c6 bxc6 49. bxa5 Nc5 50. Ke5 Na6 51. Kd4 Kg4 52. Kc4
Kf4 53. Kd4 Kf5 54. Kd3 Ke5 55. Kc3 Kd5 56. Kb3 Kd4 57. Ka4 Kc5 58. Kb3 Kb5 59.
Kb2 Kxa5 60. Kb3 Kb5 61. Kb2 Ka4 62. Ka2 c5 63. Kb2 c6 64. Ka2 Nc7 65. Kb2 Nb5
66. Ka2 Nxa3 67. Kb2 Kb4 68. Kc1 Kc3 0-1

[Event "Hamilton Summer op"]
[Site "Hamilton CAN"]
[Date "2010.08.22"]
[Round "4"]
[White "Yuan, Yuanling"]
[Black "Sellars, Karl"]
[Result "1-0"]
[WhiteElo "2362"]
[BlackElo "2208"]
[PlyCount "65"]
[EventDate "2010.08.21"]
[EventType "swiss"]
[EventRounds "5"]
[EventCountry "CAN"]

1. e4 e6 2. d4 d5 3. Nc3 Nf6 4. e5 Nfd7 5. f4 c5 6. Nf3 Nc6 7. Be3 cxd4 8. Nxd4
Bc5 9. Be2 a6 10. Qd2 Nxd4 11. Bxd4 Bxd4 12. Qxd4 Qb6 13. O-O-O Qxd4 14. Rxd4
Nb6 15. a4 Kd8 16. a5 Nd7 17. Na4 Rb8 18. c4 dxc4 19. Rhd1 Ke7 20. Rd6 Re8 21.
Bxc4 g5 22. g3 gxf4 23. gxf4 Nf8 24. Nb6 f6 25. b3 fxe5 26. fxe5 Kf7 27. Bd3
Ng6 28. Bxg6+ hxg6 29. R1d3 Rh8 30. Rd8 Re8 31. Kd2 Ke7 32. Rxe8+ Kxe8 33. Ke3
1-0

[Event "Hart House Holidays op"]
[Site "Toronto CAN"]
[Date "2010.12.17"]
[Round "1"]
[White "Armstrong, Robert J"]
[Black "Wight, Keith"]
[Result "0-1"]
[WhiteElo "1832"]
[BlackElo "2020"]
[PlyCount "114"]
[EventDate "2010.12.17"]
[EventType "swiss"]
[EventRounds "5"]
[EventCountry "CAN"]

1. d4 Nf6 2. c4 c5 3. d5 b5 4. cxb5 a6 5. Nc3 axb5 6. Nxb5 Bb7 7. Nc3 d6 8. e4
Nbd7 9. f4 g6 10. Nf3 Bg7 11. Bd3 Qb6 12. Bc4 Qb4 13. Qb3 O-O 14. a3 Qxb3 15.
Bxb3 Ba6 16. Bc2 Rfb8 17. h3 Ne8 18. Kf2 Nc7 19. Re1 Bc4 20. Rb1 Bb3 21. Bxb3
Rxb3 22. Bd2 Rab8 23. Na4 Bxb2 24. Nxb2 Rxb2 25. Rxb2 Rxb2 26. a4 Nb6 27. Ra1
Nc4 28. Ke1 Na6 29. a5 h5 30. Kd1 Rb3 31. Kc2 Nxd2 32. Nxd2 Rg3 33. Rb1 Ra3 34.
Nc4 Ra4 35. Kc3 Nb4 36. Kb3 Ra2 37. Rb2 Ra1 38. Kc3 Rc1+ 39. Kb3 h4 40. Na3 Re1
41. Ka4 Rxe4 42. Kb5 Nxd5 43. f5 gxf5 44. Rb3 c4 45. Rb2 c3 46. Rb3 Re3 47. Kc4
e6 48. a6 Re4+ 49. Kb5 Nc7+ 50. Kb6 Nxa6 51. Kxa6 c2 52. Nxc2 Re2 53. Ne3 f4
54. Nc4 d5 55. Rb8+ Kg7 56. Nd6 Rxg2 57. Rb7 Ra2+ 0-1

[Event "Hart House Holidays op"]
[Site "Toronto CAN"]
[Date "2010.12.17"]
[Round "1"]
[White "Southam, David"]
[Black "Sambuev, Bator"]
[Result "0-1"]
[WhiteElo "2138"]
[BlackElo "2725"]
[PlyCount "82"]
[EventDate "2010.12.17"]
[EventType "swiss"]
[EventRounds "5"]
[EventCountry "CAN"]

1. d4 g6 2. c4 Bg7 3. e4 d6 4. Nc3 Nf6 5. f3 O-O 6. Bg5 c5 7. d5 h6 8. Be3 e6
9. Qd2 exd5 10. cxd5 a6 11. a4 Nbd7 12. Nh3 Rb8 13. Nf2 h5 14. Be2 Nh7 15. O-O
Ne5 16. f4 Ng4 17. Nxg4 Bxg4 18. Bxg4 hxg4 19. e5 Re8 20. Ne4 dxe5 21. f5 Nf6
22. fxg6 fxg6 23. Rxf6 Bxf6 24. d6 Rf8 25. Qd5+ Kh8 26. Bxc5 Kh7 27. Qe6 Bg7
28. d7 Rf5 29. Be7 Qc7 30. Ng5+ Kh6 31. Nf7+ Kh7 32. d8=Q Rxd8 33. Nxd8 e4 34.
Qd6 Qxd6 35. Bxd6 Bd4+ 36. Kh1 e3 37. g3 e2 38. Bf4 Bf2 39. Nxb7 Rd5 40. Kg2
Rd1 41. Bd2 Ba7 0-1

[Event "Hart House Holidays op"]
[Site "Toronto CAN"]
[Date "2010.12.17"]
[Round "1.3"]
[White "Derraugh, Geordie"]
[Black "Martchenko, Alexander"]
[Result "1-0"]
[WhiteElo "2129"]
[BlackElo "2405"]
[PlyCount "67"]
[EventDate "2010.12.17"]
[EventType "swiss"]
[EventRounds "5"]
[EventCountry "CAN"]

1. e4 c5 2. c3 Nf6 3. e5 Nd5 4. d4 cxd4 5. cxd4 d6 6. Nf3 Nc6 7. exd6 Qxd6 8.
Nc3 g6 9. Bc4 Nxc3 10. bxc3 Bg7 11. O-O O-O 12. a4 Qc7 13. Ba2 Na5 14. Re1 e6
15. Qd3 b6 16. Bg5 Bb7 17. Ne5 Rac8 18. Rac1 Bd5 19. c4 Bb7 20. Ng4 f6 21. Bd2
Qc6 22. d5 Qxa4 23. dxe6 Qxa2 24. e7 Rfe8 25. Qd7 h5 26. Qe6+ Kh7 27. Nxf6+ Kh8
28. Qf7 Qxd2 29. Nxe8 Bd4 30. Nd6 Bxf2+ 31. Qxf2 Qxd6 32. e8=Q+ Rxe8 33. Rxe8+
Kh7 34. Rce1 1-0